000 00589nam a22001697a 4500
003 OSt
005 20171010095537.0
008 121031t xxu||||| |||| 00| 0 eng d
040 _aMMSU
_cULS
100 _aDomingo, Geraldine C.
_913959
245 _aSupervised farming program on corn production
_cGeraldine C. Domingo
260 _c2008
300 _axi, 21 leaves
_c28 cm.
500 _aThesis (BS Agriculture-Horticulture) -- Mariano Marcos State University-College of Agriculture, Food and Sustainable Development, Batac City
504 _aBibliography: None
942 _2ddc
_cTHEDIS
999 _c9846
_d9846